Molecular cloning of the partial promoter of beta-1.3-glucanase gene isoform-5 (Gln5) from Hevea brasiliensis, clone RRIM-600 (Record no. 74247)

MARC details
000 -LEADER
fixed length control field 00541nam a2200157Ia 4500
100 ## - MAIN ENTRY--AUTHOR NAME
Personal name Jyothilekshmy, V.
245 #0 - TITLE STATEMENT
Title Molecular cloning of the partial promoter of beta-1.3-glucanase gene isoform-5 (Gln5) from Hevea brasiliensis, clone RRIM-600
260 ## - PUBLICATION, DISTRIBUTION, ETC. (IMPRINT)
Name of publisher Mahatma Gandhi University
Place of publication Kottayam
Year of publication 2012
300 ## - PHYSICAL DESCRIPTION
Number of Pages 63
500 ## - GENERAL NOTE
General note Course: MSc
500 ## - GENERAL NOTE
General note T200 (April 2013)
700 ## - ADDED ENTRY--PERSONAL NAME
Personal name Dr A Thulaseedharan
850 ## - HOLDING INSTITUTION
Holding institution Rubber Research Institute of India, Kottayam
942 ## - ADDED ENTRY ELEMENTS (KOHA)
Koha item type Theses
Holdings
Withdrawn status Lost status Damaged status Not for loan Collection code Home library Current library Shelving location Date acquired Koha item type
      Theses Dissertation RRII Library RRII Library Biotechnology 31/12/2021 Theses